| 000 | 01343nam a2200325 a 4500 | ||
|---|---|---|---|
| 003 | BLK | ||
| 005 | 20250602173226.0 | ||
| 007 | ta | ||
| 008 | 221104b bu |||||r|||| 00| | bu d | ||
| 020 | _a9786190114628 | ||
| 040 | _aBLK | ||
| 041 |
_aBUL _cBUL |
||
| 080 |
_9234387 _aМеждународни политически отношения. Световна политика. Международна политика. Дипломация _b327 _z327 |
||
| 084 | _aТ 63 | ||
| 100 |
_9308630 _aТод, Еманюел |
||
| 245 |
_aПоражението на запада _cЕманюел Тод ; прев. от фр. Стоян Атанасов |
||
| 260 |
_9468803 _aСофия _bКатехон _c2024 |
||
| 300 |
_a224 с. _c24 см |
||
| 380 | _a3 | ||
| 500 | _aКатехон е импринт на изд. Изток - Запад. | ||
| 650 | 0 |
_9281535 _aИкономически кризи |
|
| 650 | 0 |
_9245107 _aИкономическо развитие - Западноевропейски страни и САЩ |
|
| 653 |
_9194076 _aполитически кризи |
||
| 700 | 1 |
_934409 _aАтанасов, Стоян Илиев |
|
| 852 |
_bП _c327/Т 63 Е |
||
| 852 |
_aЦб 325914 _bЦб |
||
| 856 |
_i0.00 _ldisable |
||
| 942 |
_cKNG _n0 _06 |
||
| 944 |
_cМоника Янева _k30575 _lМартин Енчев |
||
| 999 |
_c516369 _d516369 |
||